Szczegóły MARC21

Zabójstwo pod wpływem silnego wzruszenia /

003 -Nazwa inst., której nr kontr. jest w polu 001 [,]
    • @
    • Nazwa instytucji, której n kontrolny jest w polu 001
    • NUKAT
005 -DATA I CZAS OSTATNIEJ MODYFIKACJI [,]
    • @
    • pole kontrolne
    • 20241231100045.0
040 -Instytucja sporządzająca opis [ , ]
    • a
    • Instytucja, która sporządziła opis (NP)
    • WA U/GZ
    • c
    • Instytucja, która sporządziła rekord (NP)
    • WA U/GZ
    • d
    • Instytucja, która zmodyfikowała rekord (P)
    • WA U/EBA
    • d
    • Instytucja, która zmodyfikowała rekord (P)
    • WA 191/MS
942 -Rodzaj dokumentu [ , ]
    • c
    • Rodzaj dokumentu
    • Książka
100 -Hasło główne - nazwa osobowa [1, ]
    • a
    • Nazwa osobowa (NP)
    • Gubiński, Arnold
    • d
    • Daty biograficzne (NP)
    • (1916-1997).
    • 9
    • KHW
    • 31511
245 -Strefa tytułu i oznaczenia odpowiedzialności [1,0]
    • a
    • Tytuł
    • Zabójstwo pod wpływem silnego wzruszenia / Find
    • c
    • Pozostałe elementy strefy tytułu i oznaczenia odpowiedzialności (NP)
    • Arnold Gubiński.
260 -Strefa adresu wydawniczego [ , ]
    • a
    • Miejsce wydania (P)
    • Warszawa :
    • b
    • Nazwa wydawcy (P)
    • Państwowe Wydaw. Naukowe,
    • c
    • Data wydania (P)
    • 1961.
300 -Strefa opisu fizycznego [ , ]
    • a
    • Określenie formy książki i/lub objętość (NP)
    • 134, [2] s. ;
    • c
    • Format (NP)
    • 20 cm.
336 -Typ zawartości [ , ]
    • a
    • Termin opisujący typ zawartości
    • Tekst
    • b
    • Kod określający zawartość
    • txt
    • 2
    • Źródło (terminu i kodu)
    • rdacontent
337 -Typ mediów [ , ]
    • a
    • Tryb odtwarzania
    • Bez urządzenia pośredniczącego
    • b
    • Kod typu mediów
    • n
    • 2
    • Źródło (terminu i kodu)
    • rdamedia
338 -Typ/rodzaj nośnika [ , ]
    • a
    • Hasło opisujące typ nośnika
    • Wolumin
    • b
    • Kod typu nośnika
    • nc
    • 2
    • Źródło (terminu i kodu)
    • rdacarrier
080 -Uniwersalna Klasyfikacja Dziesiętna [ , ]
    • a
    • Symbol klasyfikacji
    • 343.6
    • 9
    • UKD
    • 3484
    • 2
    • Identyfikator wydania tablic
    • UDC-P058
    • b
    • Dopowiedzenie
    • Przestępstwa przeciw życiu, zdrowiu i czci. Zabójstwo. Morderstwo. Pobicie. Uszkodzenie ciała. Przestępstwa przeciw dzieciom. Znęcanie się nad dziećmi. Przestępstwa przeciw osobom potrzebującym opieki.
080 -Uniwersalna Klasyfikacja Dziesiętna [ , ]
    • a
    • Symbol klasyfikacji
    • :159.942
650 -Hasło przedmiotowe [ ,7]
    • a
    • Hasło przedmiotowe
    • Zabójstwo
    • x
    • Określnik rzeczowy
    • aspekt psychologiczny.
    • 2
    • Źródło terminu
    • kaba
    • 9
    • KHW
    • 441369
650 -Hasło przedmiotowe [ ,7]
    • a
    • Hasło przedmiotowe
    • Zabójstwo
    • z
    • Określnik geograficzny
    • Polska
    • x
    • Określnik rzeczowy
    • orzecznictwo.
    • 2
    • Źródło terminu
    • kaba
    • 9
    • KHW
    • 360123
980 -Symbol UKD [ , ]
    • a
    • UKD
    • 343.6:159.942
Sygnatura Lokalizacja Data inwentaryzacji Numer inwentarzowy Status udost.
 BG2003-07-30Pd.154391
SA.2155BSA2003-07-25SA.21551